Research fundamentals from concept to output : (Record no. 10276)

MARC details
000 -LEADER
fixed length control field 00800nam a22002177a 4500
003 - CONTROL NUMBER IDENTIFIER
control field OSt
005 - DATE AND TIME OF LATEST TRANSACTION
control field 20260506045145.0
008 - FIXED-LENGTH DATA ELEMENTS--GENERAL INFORMATION
fixed length control field 260506b |||||||| |||| 00| 0 eng d
020 ## - INTERNATIONAL STANDARD BOOK NUMBER
International Standard Book Number 9789719656210
040 ## - CATALOGING SOURCE
Original cataloging agency DWCL Main Lib.
Transcribing agency OC
082 ## - DEWEY DECIMAL CLASSIFICATION NUMBER
Classification number Fil. 001.4 A447r 2016
100 ## - MAIN ENTRY--PERSONAL NAME
Personal name Almeida, Adelaida B.
Relator term Author
245 ## - TITLE STATEMENT
Title Research fundamentals from concept to output :
Remainder of title a guide for researchers & thesis writers /
Statement of responsibility, etc. Adelaida B. Almeida [and two others]
260 ## - PUBLICATION, DISTRIBUTION, ETC.
Place of publication, distribution, etc. Quezon City, Manila :
Name of publisher, distributor, etc. Adriana Publishing,
Date of publication, distribution, etc. c2016.
300 ## - PHYSICAL DESCRIPTION
Extent xii, 211 pages :
Other physical details illustrations ;
Dimensions 25 cm.
504 ## - BIBLIOGRAPHY, ETC. NOTE
Bibliography, etc. note Includes appendices and bibliographical references.
650 ## - SUBJECT ADDED ENTRY--TOPICAL TERM
Topical term or geographic name entry element 1. Research.
700 ## - ADDED ENTRY--PERSONAL NAME
Personal name I. Gaerlan, Amelita A.
Relator term Author
700 ## - ADDED ENTRY--PERSONAL NAME
Personal name II. Manly, Norita E.
Relator term Author
942 ## - ADDED ENTRY ELEMENTS (KOHA)
Source of classification or shelving scheme Dewey Decimal Classification
Koha item type Book-Filipiniana
Suppress in OPAC No
952 ## - LOCATION AND ITEM INFORMATION (KOHA)
--
Holdings
Withdrawn status Lost status Source of classification or shelving scheme Damaged status Not for loan Home library Current library Shelving location Date acquired Source of acquisition Cost, normal purchase price Total Checkouts Full call number Barcode Date last seen Copy number Price effective from Koha item type Uniform Resource Identifier
    Dewey Decimal Classification     Junior High School Library Junior High School Library Filipiniana 09/22/2016 Library Fund 315.00   Fil. 001.4 A447r 2016 JHS - 19075 05/06/2026 c1 05/06/2026 BK - FIL